000 00371nam a2200133Ia 4500
008 240624s9999 xx 000 0 und d
041 _aeng
082 _a332.6322 NIS
100 _aNATIONAL INSTITUTE OF SECURITIES MARKETS
245 _aREGISTRARS TO AN ISSUE AND SHARE TRANSFER AGENTS M
260 _c2015
_aNew Delhi
_bTaxmann
300 _a160 , p.
365 _cRS
_b30
999 _c28892
_d28892